000 01032cam a2200229 4500
001 WB3737-05
008 011004n2001 000 0 eng u
035 _a(Sirsi) u114995
245 _aExodus to London overplayed
260 _c2001
490 _aEstates Gazette
_v(0139) 29 September 2001,
520 _aContrary to initial predictions, US firms have not rushed to relocate to London following the New York disaster, since office space is available in New York. Instead of relocations to London, City of London occupiers are reviewing their disaster recovery requirements. A rush on take-up for alternative secondary space is not expected here as many City firms rethought their disaster recovery plans in the aftermath of the Baltic Exchange terrorist attack.
590 _aWB
650 _aOFFICE SPACE
650 _aNEW YORK
650 _aDISASTER RECOVERY PLANS
650 _aOFFICE RELOCATION
650 _aCITY OF LONDON
650 _aSECONDARY SPACE
690 _aPROPERTY-COMMERCIAL PROPERTY
942 _n0
999 _c68477
_d68477